00773cam a2200229 a 450000100100000000500170001000800410002704000290006808200240009710000290012124500600015025000110021026000350022130000270025649000450028350000320032865000240036065000360038465100390042065100370045983000470049600001955320240226143822.0810114s1968 sp 001 e spa d aDO-SdBNPbspacLCdBNPHU a864.64bC174a, 19681 aCamba, Julio,d1882-196210aAlemania :bimpresiones de un español /cJulio Camba. a4a ed. aMadrid :bEspasa-Calpe,c1968. a219, [16] p. ;c18 cm.1 aAustral. Negra: viajes y reportajesv791 aIncluye índice de autores 4aEnsayos españoles 4aLiteratura españolaySIGLO XX 4aAlemaniaxVida Social Y Costumbres 4aAlemaniaxDescripciones Y Viajes 0aAustral.pNegra: viajes y reportajes;v791